000 00268nam a2200109Ia 4500
008 190914s9999||||xx |||||||||||||| ||und||
100 _aShyam Dua
245 4 _aThe Luminous Life of Steffi Graf
260 _aNew Delhi
_bVision Books
_c2001
300 _a415
942 _cBK
999 _c8959
_d8959